000 01058nam a22002057a 4500
005 20250620154831.0
008 250620b |||||||| |||| 00| 0 eng d
020 _a9788187134817
040 _cAL
041 _aEnglish
082 _223
_a574.192
_bSATB
100 _aU Satyanarayana
_9215651
245 _aBiochemistry review
_b: viva case studies and MCQs
260 _aKolkata
_bBooks and Allied
_c2015
300 _axxv,85p.
_bPB
_c24x18cm.
365 _2General
_a1455
_b₹156.00
_c
_d₹195.00
_e20%
_f17/06/2025
520 _aChemical constituents of life; physiological biochemistry; metabolisms; clinical biochemistry and nutrition; current topics; nutritional disorders; metabolic diseases/inborn errors; cases related to organ function; cases related to endocrine function; miscellaneous; chemical constituents of life; physiological biochemistry; metabolisms; clinical biochemistry and nutrition; current topics; practical biochemistry-principles; biochemistry iiiusreated.
650 _2Biochemistry
_aBiochemistry
_9215652
942 _2ddc
_cBK
999 _c234504
_d234504